SEC Cities - Statistics

General Stats
  • This quiz has been taken 1,134 times
  • The average score is 10 of 14
Answer Stats
Answer % Correct
Athens GA
85%
Auburn AL
84%
Tuscaloosa AL
84%
Baton Rouge LA
78%
Knoxville TN
78%
Nashville TN
78%
Gainesville FL
75%
College Station TX
72%
Oxford MS
68%
Columbia SC
67%
Lexington KY
65%
Starkville MS
59%
Columbia MO
55%
Fayetteville AR
50%
No matching quizzes found
Score Distribution
Percent of People with Each Score
Percentile by Number Answered
Your Score History
You have not taken this quiz